<?xml version="1.0" encoding="UTF-8"?>
<record
    xmlns:xsi="http://www.w3.org/2001/XMLSchema-instance"
    xsi:schemaLocation="http://www.loc.gov/MARC21/slim http://www.loc.gov/standards/marcxml/schema/MARC21slim.xsd"
    xmlns="http://www.loc.gov/MARC21/slim">

  <leader>05516nam a2200541Ia 4500</leader>
  <controlfield tag="001">dia_3840</controlfield>
  <controlfield tag="003">CHAP</controlfield>
  <controlfield tag="005">20241211182256.0</controlfield>
  <controlfield tag="007">ta</controlfield>
  <controlfield tag="008">220117s2007    mx abdefrm    001 0 spa d</controlfield>
  <datafield tag="010" ind1=" " ind2=" ">
    <subfield code="a">174444</subfield>
  </datafield>
  <datafield tag="040" ind1=" " ind2=" ">
    <subfield code="c">CHAP</subfield>
    <subfield code="a">mxchpua</subfield>
    <subfield code="e">rda</subfield>
  </datafield>
  <datafield tag="041" ind1="0" ind2=" ">
    <subfield code="a">spa</subfield>
    <subfield code="b">eng</subfield>
  </datafield>
  <datafield tag="090" ind1=" " ind2=" ">
    <subfield code="a">Tesis</subfield>
    <subfield code="b">C36</subfield>
    <subfield code="c">2007</subfield>
  </datafield>
  <datafield tag="100" ind1="1" ind2=" ">
    <subfield code="a">Campos Barranco, Sandra Esmeralda</subfield>
  </datafield>
  <datafield tag="240" ind1="1" ind2="0">
    <subfield code="a">Technical and economical feasibility study for the installation of a rabbit (Oryctolagus cuniculus) livestock,  slaughterhouse, butchering and packing industry, in the town of Ocozocoautla de Espinosa, Chiapas.</subfield>
    <subfield code="l">Espa&#xF1;ol</subfield>
  </datafield>
  <datafield tag="245" ind1="1" ind2="0">
    <subfield code="a">Estudio de factibilidad t&#xE9;cnico-econ&#xF3;mica para la instalaci&#xF3;n de un rastro y empacadora de conejo (Oryctolagus cuniculus), en el municipio de Ocozocoautla de Espinosa, Chiapas /</subfield>
    <subfield code="c">Sandra Esmeralda Campos Barranco</subfield>
  </datafield>
  <datafield tag="264" ind1=" " ind2=" ">
    <subfield code="a">Chapingo, M&#xE9;xico :</subfield>
    <subfield code="b">El autor,</subfield>
    <subfield code="c">2007</subfield>
  </datafield>
  <datafield tag="300" ind1=" " ind2=" ">
    <subfield code="a">iv, 97 hojas :</subfield>
    <subfield code="b">ilustraciones, mapas, gr&#xE1;ficas, diagramas, tablas, fotos, planos</subfield>
  </datafield>
  <datafield tag="336" ind1=" " ind2=" ">
    <subfield code="2">rdacontent</subfield>
    <subfield code="a">texto</subfield>
    <subfield code="b">txt</subfield>
  </datafield>
  <datafield tag="337" ind1=" " ind2=" ">
    <subfield code="2">rdamedia</subfield>
    <subfield code="a">no mediado</subfield>
    <subfield code="b">n</subfield>
  </datafield>
  <datafield tag="338" ind1=" " ind2=" ">
    <subfield code="2">rdacarrier</subfield>
    <subfield code="a">volumen</subfield>
    <subfield code="b">nc</subfield>
  </datafield>
  <datafield tag="500" ind1=" " ind2=" ">
    <subfield code="a">Los planos est&#xE1;n incluidos en el reporte</subfield>
  </datafield>
  <datafield tag="502" ind1=" " ind2=" ">
    <subfield code="a">Formulaci&#xF3;n o Evaluaci&#xF3;n de Proyectos </subfield>
    <subfield code="b">(Ingeniero Agroindustrial) -- </subfield>
    <subfield code="c">UACh. Departamento de Ingenier&#xED;a Agroindustrial, </subfield>
    <subfield code="d">2007</subfield>
  </datafield>
  <datafield tag="504" ind1=" " ind2=" ">
    <subfield code="a">Bibliograf&#xED;a: hojas 83-86</subfield>
  </datafield>
  <datafield tag="505" ind1="0" ind2=" ">
    <subfield code="a">3 planos 
1. Plano de Distribuci&#xF3;n de &#xE1;reas 
2. Plano de Distribuci&#xF3;n de equipo 
3. Plano de Fachada principal y corte longitudinal</subfield>
  </datafield>
  <datafield tag="520" ind1="3" ind2=" ">
    <subfield code="a">M&#xE9;xico requiere impulsar la producci&#xF3;n de carne de conejo para ayudar a los productores a mejorar sus niveles de ingreso y desarrollo. En la situaci&#xF3;n econ&#xF3;mica por la que atraviesa el pa&#xED;s, resulta prioritario invertir un esfuerzo para generar empleos que garanticen ingresos a las familias campesinas, como es el caso de Ocozocoautla de Espinosa Chiapas. El presente  proyecto surgi&#xF3; con el prop&#xF3;sito de ofrecer la carne de conejo en un empaque de polietileno al alto vaci&#xF3; con la finalidad de comercializar el producto en tiendas de supermercados como Soriana y Chedraui en Tuxtla Guti&#xE9;rrez, as&#xED; como en restaurantes de la regi&#xF3;n. El producto que se ofrecer&#xE1;  cumple con las caracter&#xED;sticas establecidas  por las normas relacionadas con el producto; aunque su mercado es reducido por lo que se debe desarrollar y ampliar mediante la promoci&#xF3;n. Para el proyecto se determin&#xF3; una  inversi&#xF3;n de $ 1,698,840.68  y tras realizar la evaluaci&#xF3;n econ&#xF3;mica los indicadores obtenidos tanto el VAN como la TIR son favorables siendo de $ 322,702 y  34.88% para la empresa y de $  546,832  y 42.93% para el proyecto. La relaci&#xF3;n B/C es de 1.55 y el periodo de recuperaci&#xF3;n de la inversi&#xF3;n es de tres a&#xF1;os. Se determin&#xF3; en el an&#xE1;lisis de sensibilidad que el proyecto tiene cierta flexibilidad lo que permitir&#xED;a afrontar determinadas situaciones desfavorables que afectan su rentabilidad. Finalmente  se concluye que la instalaci&#xF3;n y puesta en marcha de este proyecto es factible t&#xE9;cnica, econ&#xF3;mica y socialmente.  --</subfield>
  </datafield>
  <datafield tag="520" ind1="3" ind2=" ">
    <subfield code="a">Mexico requires to promote the rabbit meat production that allows the producers to improve their income and development levels. In the economical situation that the country is living, it results very important to invest an effort in generating employments that guarantee better incoming levels to the peasant families, like those that live in Ocozocoautla de Espinosa, Chiapas. The present project appeared with the purpose of offering rabbit meat in a polyethylene pack at a high vacuum with the objective of commercializing the product in supermarket stores as Soriana and Chedraui in Tuxtla Gutierrez and also in some restaurants of the region. The product that will be offered satisfy the characteristics that are established by the norms related to the product. The market of the product is reduced, so it may be developed and wide opened by means of its promotion.  It was determined an investment of $1,698,840.68 and after making the economical evaluation, the indicators obtained, both the internal rate of return (IRT) and the net present value (NPV), were favorable, being of $322,702 and 34.88% respectively for the enterprise and of $546,832 and 42.93% for the project. The benefit/cost relationship is of 1.55 and the period to recover the investment is of three years. In the sensibility analysis, it was determined that the project has certain flexibility that allows it to face determinate unfavorable situations that may affect its profitability. Finally, it is concluded that the installation and implementation of this project is technical, economical and socially feasible.  </subfield>
  </datafield>
  <datafield tag="650" ind1="1" ind2="3">
    <subfield code="a">Carne de conejo  </subfield>
    <subfield code="2">atg</subfield>
  </datafield>
  <datafield tag="650" ind1="1" ind2="3">
    <subfield code="a">Iniciativa empresarial</subfield>
    <subfield code="z">M&#xE9;xico</subfield>
    <subfield code="z">Chiapas  </subfield>
    <subfield code="2">atg</subfield>
  </datafield>
  <datafield tag="650" ind1="1" ind2="3">
    <subfield code="a">Mataderos  </subfield>
    <subfield code="2">atg</subfield>
  </datafield>
  <datafield tag="650" ind1="1" ind2="3">
    <subfield code="a">Plantas empacadoras de carne  </subfield>
    <subfield code="2">atg</subfield>
  </datafield>
  <datafield tag="650" ind1="1" ind2="3">
    <subfield code="a">Meat packing plants  </subfield>
    <subfield code="2">atg</subfield>
  </datafield>
  <datafield tag="650" ind1="1" ind2="3">
    <subfield code="a">Entrepreneurship</subfield>
    <subfield code="z">Mexico</subfield>
    <subfield code="z">Chiapas</subfield>
    <subfield code="2">atg</subfield>
  </datafield>
  <datafield tag="650" ind1="1" ind2="3">
    <subfield code="a">Rabbit meat  </subfield>
    <subfield code="2">atg</subfield>
  </datafield>
  <datafield tag="650" ind1="1" ind2="3">
    <subfield code="a">Slaughterhouses  </subfield>
    <subfield code="2">atg</subfield>
  </datafield>
  <datafield tag="700" ind1="1" ind2=" ">
    <subfield code="a">Ponce Hern&#xE1;ndez, Pedro</subfield>
    <subfield code="e">director</subfield>
  </datafield>
  <datafield tag="700" ind1="1" ind2=" ">
    <subfield code="a">Mejenes Quijano, Amilcar Ren&#xE1;n</subfield>
    <subfield code="e">asesor</subfield>
  </datafield>
  <datafield tag="700" ind1="1" ind2=" ">
    <subfield code="a">Villegas de Gante, Abraham Zacarias</subfield>
    <subfield code="e">asesor</subfield>
  </datafield>
  <datafield tag="856" ind1="4" ind2="2">
    <subfield code="u">http://10.13.5.2/tesis/105406.pdf</subfield>
    <subfield code="y">DESCARGAR PDF</subfield>
  </datafield>
  <datafield tag="901" ind1=" " ind2=" ">
    <subfield code="a">TESIS C36 2007</subfield>
  </datafield>
  <datafield tag="902" ind1=" " ind2=" ">
    <subfield code="a">M</subfield>
  </datafield>
  <datafield tag="905" ind1=" " ind2=" ">
    <subfield code="a">5232272007                          mx nm  8223123322spa16</subfield>
  </datafield>
  <datafield tag="942" ind1=" " ind2=" ">
    <subfield code="c">TESIS</subfield>
    <subfield code="2">Clasificaci&#xF3;n Universidad Aut&#xF3;noma Chapingo</subfield>
  </datafield>
  <datafield tag="999" ind1=" " ind2=" ">
    <subfield code="c">174444</subfield>
    <subfield code="d">174444</subfield>
  </datafield>
  <datafield tag="952" ind1=" " ind2=" ">
    <subfield code="0">0</subfield>
    <subfield code="1">0</subfield>
    <subfield code="2">local</subfield>
    <subfield code="4">0</subfield>
    <subfield code="5">5</subfield>
    <subfield code="7">0</subfield>
    <subfield code="8">TESIS</subfield>
    <subfield code="a">IA_</subfield>
    <subfield code="b">IA_</subfield>
    <subfield code="d">2022-01-18</subfield>
    <subfield code="e">El autor</subfield>
    <subfield code="l">2</subfield>
    <subfield code="o">Tesis C36 2007</subfield>
    <subfield code="p">1101010810</subfield>
    <subfield code="r">2026-03-02 10:15:08</subfield>
    <subfield code="s">2026-02-27</subfield>
    <subfield code="t">Ej. 2</subfield>
    <subfield code="y">TESIS</subfield>
  </datafield>
  <datafield tag="952" ind1=" " ind2=" ">
    <subfield code="0">0</subfield>
    <subfield code="1">0</subfield>
    <subfield code="2">local</subfield>
    <subfield code="4">0</subfield>
    <subfield code="5">1</subfield>
    <subfield code="7">0</subfield>
    <subfield code="8">TESIS</subfield>
    <subfield code="a">IA_</subfield>
    <subfield code="b">IA_</subfield>
    <subfield code="d">2022-01-18</subfield>
    <subfield code="e">El autor</subfield>
    <subfield code="l">0</subfield>
    <subfield code="o">Tesis C36 2007</subfield>
    <subfield code="p">1101010809</subfield>
    <subfield code="r">2026-02-02 00:00:00</subfield>
    <subfield code="t">Ej. 1</subfield>
    <subfield code="y">TESIS</subfield>
  </datafield>
  <datafield tag="952" ind1=" " ind2=" ">
    <subfield code="0">0</subfield>
    <subfield code="1">0</subfield>
    <subfield code="2">local</subfield>
    <subfield code="4">0</subfield>
    <subfield code="7">0</subfield>
    <subfield code="8">TesDigL</subfield>
    <subfield code="a">IA_</subfield>
    <subfield code="b">IA_</subfield>
    <subfield code="c">E_L</subfield>
    <subfield code="d">2024-12-11</subfield>
    <subfield code="e">El autor</subfield>
    <subfield code="l">0</subfield>
    <subfield code="p">1201010809</subfield>
    <subfield code="r">2024-12-11 18:27:07</subfield>
    <subfield code="w">2024-12-11</subfield>
    <subfield code="y">TD</subfield>
  </datafield>
</record>
